[Event "Laval X"]
[Site "Laval CAN"]
[Date "1993.04.04"]
[Round "5"]
[White "Lesiege, Alexandre"]
[Black "Bolduc, Steve"]
[Result "1-0"]
[WhiteElo "2479"]
[BlackElo "2031"]
[WhiteFideId "-1"]
[WhiteFideId "-1"]
[PlyCount "37"]
[GameId "2160767912279027"]
[EventDate "1993.04.02"]
[EventType "swiss"]
[EventRounds "5"]
[EventCountry "CAN"]
[SourceTitle "EXT 2022"]
[Source "ChessBase"]
[SourceDate "2021.10.06"]
[SourceVersion "1"]
[SourceVersionDate "2021.10.06"]
[SourceQuality "1"]

1. c4 e5 2. Nc3 Nf6 3. Nf3 d6 4. g3 g6 5. Bg2 Bg7 6. d4 Nbd7 7. O-O O-O 8. e4 c6 9. b3 Re8 10. h3 exd4 11. Nxd4 Nc5 12. Re1 a5 13. Bf4 d5 14. cxd5 Nxd5 15. exd5 Rxe1+ 16. Qxe1 Bxd4 17. Rd1 Qf6 18. Rxd4 Qxd4 19. Qe8+ 1-0

[Event "Mauricie op"]
[Site "Trois-Rivieres CAN"]
[Date "1993.03.21"]
[Round "4"]
[White "Lesiege, Alexandre"]
[Black "Southam, Todd"]
[Result "1/2-1/2"]
[WhiteElo "2471"]
[BlackElo "2358"]
[WhiteFideId "-1"]
[WhiteFideId "-1"]
[PlyCount "119"]
[GameId "2160767912279049"]
[EventDate "1993.03.19"]
[EventType "swiss"]
[EventRounds "5"]
[EventCountry "CAN"]
[SourceTitle "EXT 2022"]
[Source "ChessBase"]
[SourceDate "2021.10.06"]
[SourceVersion "1"]
[SourceVersionDate "2021.10.06"]
[SourceQuality "1"]

1. d4 Nf6 2. c4 g6 3. Nf3 Bg7 4. g3 O-O 5. Bg2 d6 6. O-O Nc6 7. d5 Na5 8. Nfd2 c6 9. a3 cxd5 10. cxd5 e6 11. Nc3 exd5 12. Nxd5 Nxd5 13. Bxd5 Bh3 14. Re1 Be6 15. Ne4 Nc4 16. Bg5 Qb6 17. Rc1 Nxb2 18. Qd2 Qd4 19. Qxd4 Bxd4 20. Bxb7 Rab8 21. Bc6 Nc4 22. Rcd1 Be5 23. a4 Rfc8 24. Bb5 d5 25. Nf6+ Kg7 26. Nxd5 Nb2 27. Rd2 Nc4 28. Rd3 Nb2 29. Re3 Bd4 30. Re4 Bxf2+ 31. Kxf2 Bxd5 32. Rd4 Be6 33. Bf4 Rb6 34. Rb1 Nc4 35. Rc1 Na3 36. Rxc8 Nxb5 37. Be5+ f6 38. Ra8 fxe5 39. Rb4 Bd5 40. Rxa7+ Nxa7 41. Rxb6 Nc6 42. a5 Kf6 43. a6 Kf5 44. Rb7 h5 45. a7 Nxa7 46. Rxa7 Be6 47. Ra4 Bd5 48. Ke3 Bc6 49. Ra6 Bb7 50. Ra7 Bg2 51. Rf7+ Ke6 52. Rf2 Bc6 53. h3 Bd7 54. Rf1 Ke7 55. Rh1 Kf6 56. Rh2 Kf5 57. Rf2+ Kg5 58. Rh2 Kf5 59. Kd3 Bb5+ 60. Ke3 1/2-1/2

[Event "Carnaval"]
[Site "Quebec CAN"]
[Date "1993.02.05"]
[Round "1"]
[White "Lesiege, Alexandre"]
[Black "Lacroix, Serge"]
[Result "1-0"]
[WhiteElo "2477"]
[BlackElo "1967"]
[WhiteFideId "-1"]
[WhiteFideId "-1"]
[PlyCount "55"]
[GameId "2160767912279139"]
[EventDate "1993.02.05"]
[EventType "swiss"]
[EventRounds "5"]
[EventCountry "CAN"]
[SourceTitle "Lacroix"]

1. d4 Nf6 2. c4 g6 3. Nc3 d5 4. cxd5 Nxd5 5. e4 Nxc3 6. bxc3 Bg7 7. Bc4 O-O 8. Ne2 c5 9. Be3 Nc6 10. Rc1 cxd4 11. cxd4 Na5 12. Bd3 b6 13. O-O e6 14. Bd2 Bxd4 15. Nxd4 Qxd4 16. Qf3 f5 17. Rc7 Rd8 18. Qh3 Rd7 19. Rfc1 Ba6 20. Rxd7 Qxd7 21. Bxa6 Qxd2 22. Rc7 Qd1+ 23. Bf1 Qh5 24. Qc3 Qh4 25. Bb5 Rd8 26. Bd7 g5 27. Bxe6+ Kf8 28. Qh8# 1-0

[Event "Carnaval"]
[Site "Quebec CAN"]
[Date "1993.02.06"]
[Round "2"]
[White "Bolduc, Steve"]
[Black "Lesiege, Alexandre"]
[Result "0-1"]
[WhiteElo "2043"]
[BlackElo "2477"]
[WhiteFideId "-1"]
[WhiteFideId "-1"]
[PlyCount "92"]
[GameId "2160767912279141"]
[EventDate "1993.02.05"]
[EventType "swiss"]
[EventRounds "5"]
[EventCountry "CAN"]
[SourceTitle "hb 2011"]

1. d4 d5 2. Nf3 c6 3. Bg5 f6 4. Bh4 Bf5 5. c4 Qb6 6. Qb3 dxc4 7. Qc3 e5 8. a3 g5 9. Bg3 e4 10. Nfd2 Nd7 11. Nxc4 Qd8 12. Nbd2 Nb6 13. e3 Nd5 14. Qc2 Nh6 15. Nxe4 Be7 16. Bd3 O-O 17. h4 g4 18. b4 b5 19. Ncd6 Bxd6 20. Nxd6 Bxd3 21. Qxd3 Qd7 22. O-O f5 23. Be5 Nf7 24. Nxf7 Rxf7 25. e4 fxe4 26. Qxe4 Raf8 27. Rac1 Qe6 28. Qc2 Rc8 29. Qd2 Nb6 30. h5 Nc4 31. Qg5+ Kf8 32. Rfe1 Qf5 33. Qh4 Kg8 34. Re2 h6 35. Rc3 Kh7 36. Kh2 Rg8 37. Bg3 Rg5 38. Kg1 Rxh5 39. Qxh5 Qxh5 40. Re6 Qd5 41. Rxc4 bxc4 42. Rd6 Qe4 43. Kh2 c3 44. b5 cxb5 45. d5 c2 46. Rc6 Qxd5 0-1

[Event "CAN-ch U20 1992-93 playoff"]
[Site "Toronto CAN"]
[Date "1992.01.03"]
[Round "2"]
[White "Lesiege, Alexandre"]
[Black "Livshits, Ron"]
[Result "1-0"]
[WhiteElo "2375"]
[BlackElo "2310"]
[WhiteFideId "-1"]
[WhiteFideId "-1"]
[PlyCount "89"]
[GameId "2160767912279197"]
[EventDate "1993.01.03"]
[EventType "tourn"]
[EventRounds "2"]
[EventCountry "CAN"]
[SourceTitle "EXT 2000"]
[Source "ChessBase"]
[SourceDate "1999.11.18"]
[SourceVersion "1"]
[SourceVersionDate "1999.11.18"]
[SourceQuality "1"]

1. d4 Nf6 2. c4 g6 3. Nc3 Bg7 4. e4 O-O 5. Nf3 d6 6. Be2 e5 7. O-O Nc6 8. d5 Ne7 9. Ne1 Nd7 10. f3 f5 11. g4 Kh8 12. Be3 Ng8 13. Ng2 Rf7 14. h4 Qf8 15. Bf2 a6 16. Rc1 Ngf6 17. b4 c5 18. a3 b5 19. cxb5 axb5 20. Ra1 Nb6 21. Nxb5 fxg4 22. Nxd6 Qxd6 23. bxc5 Qd7 24. cxb6 gxf3 25. Bxf3 Qh3 26. Ne3 Bh6 27. Bg2 Qd7 28. Rc1 Qd8 29. d6 Rxa3 30. Nc4 Ra2 31. Nxe5 Rf8 32. Rc2 Rxc2 33. Qxc2 Qxd6 34. Qc5 Qe6 35. Bd4 Bg7 36. Ng4 Qxg4 37. Bxf6 Rxf6 38. Rxf6 Qd1+ 39. Kh2 Qd8 40. e5 Bxf6 41. exf6 Qxf6 42. Qxc8+ Kg7 43. Qc7+ Kh6 44. Kg3 g5 45. Qc6 1-0

[Event "Capablanca Memorial-A"]
[Site "Cuba"]
[Date "1993.??.??"]
[Round "2"]
[White "Lesiege, Alexandre"]
[Black "Zarnicki, Pablo"]
[Result "0-1"]
[WhiteElo "2505"]
[BlackElo "2470"]
[WhiteFideId "-1"]
[WhiteFideId "-1"]
[PlyCount "98"]
[GameId "1166637678358528"]
[EventDate "1993.??.??"]
[EventType "tourn"]
[EventRounds "13"]
[EventCountry "CUB"]
[EventCategory "10"]
[SourceTitle "CBM 036"]
[Source "ChessBase"]
[SourceDate "2004.01.01"]
[SourceVersion "1"]
[SourceVersionDate "2004.01.01"]
[SourceQuality "1"]

1. d4 Nf6 2. c4 e6 3. Nc3 Bb4 4. e3 c5 5. Bd3 Nc6 6. Nf3 Bxc3+ 7. bxc3 d6 8. e4 e5 9. d5 Ne7 10. Nh4 Ng6 11. Nf5 Bxf5 12. exf5 e4 13. fxg6 exd3 14. gxf7+ Kxf7 15. O-O Re8 16. Qxd3 Qe7 17. Bf4 Qe4 18. Qxe4 Rxe4 19. Bxd6 Rxc4 20. Be5 Nxd5 21. Rad1 Rd8 22. Rd3 Re4 23. f4 g6 24. Rfd1 Ke6 25. g4 Rd7 26. h4 b5 27. Kf2 c4 28. R3d2 a5 29. a3 Rxe5 30. fxe5 Rf7+ 31. Ke1 Nxc3 32. Rc1 Rf3 33. Rd8 b4 34. axb4 axb4 35. Rb8 b3 36. Kd2 Rd3+ 37. Ke1 Kxe5 38. h5 Rh3 39. Kd2 Kd4 40. Rd8+ Nd5 41. hxg6 hxg6 42. Re1 Rh2+ 43. Kc1 Ra2 44. Kb1 c3 45. Rd1+ Rd2 46. Re1 Ra2 47. Rd1+ Ke3 48. Re8+ Kf2 49. Rf8+ Kg2 0-1

[Event "Capablanca Memorial-A"]
[Site "Cuba"]
[Date "1993.??.??"]
[Round "3"]
[White "Aldama Degurnay, Dionisio"]
[Black "Lesiege, Alexandre"]
[Result "1-0"]
[WhiteElo "2141"]
[BlackElo "2505"]
[WhiteFideId "-1"]
[WhiteFideId "-1"]
[PlyCount "109"]
[GameId "1165542616002560"]
[EventDate "1993.??.??"]
[EventType "tourn"]
[EventRounds "13"]
[EventCountry "CUB"]
[EventCategory "10"]
[SourceTitle "CBM 036"]
[Source "ChessBase"]
[SourceDate "2004.01.01"]
[SourceVersion "1"]
[SourceVersionDate "2004.01.01"]
[SourceQuality "1"]

1. e4 c5 2. Nf3 e6 3. d3 Nc6 4. g3 d5 5. Nbd2 Nf6 6. Bg2 Be7 7. O-O b6 8. c3 Bb7 9. Re1 Qc7 10. Nf1 O-O-O 11. Bf4 Qd7 12. e5 Ne8 13. h4 Nc7 14. d4 cxd4 15. cxd4 Ba6 16. Re3 Kb7 17. a3 Na5 18. N1d2 Rc8 19. b4 Nc4 20. Nxc4 Bxc4 21. Nd2 b5 22. Rc3 Na8 23. Rac1 Nb6 24. Qg4 Rcg8 25. Qf3 Ra8 26. Nf1 h6 27. Bd2 Rhf8 28. Ne3 Rac8 29. Qg4 Rg8 30. Qh5 Bd8 31. a4 Nxa4 32. Nxc4 bxc4 33. Rxc4 Rxc4 34. Rxc4 Kb8 35. Rc2 Nb6 36. b5 Rf8 37. Rc6 Be7 38. Ba5 Kb7 39. Bf1 Na8 40. Qe2 Rc8 41. Ra6 Bd8 42. Rd6 Qe7 43. Bb4 Qe8 44. b6 Bxb6 45. Qa6+ Kb8 46. Bb5 Rc1+ 47. Kg2 Qc8 48. Rd7 Nc7 49. Bd6 f6 50. Re7 Qxa6 51. Bxa6 Ka8 52. Rxg7 Nxa6 53. exf6 Rc8 54. f7 Bc7 55. Bxc7 1-0

[Event "Capablanca Memorial-A"]
[Site "Cuba"]
[Date "1993.??.??"]
[Round "4"]
[White "Lesiege, Alexandre"]
[Black "Vera Gonzalez Quevedo, Reynaldo"]
[Result "1/2-1/2"]
[WhiteElo "2505"]
[BlackElo "2515"]
[WhiteFideId "-1"]
[WhiteFideId "-1"]
[PlyCount "68"]
[GameId "1166637678407680"]
[EventDate "1993.??.??"]
[EventType "tourn"]
[EventRounds "13"]
[EventCountry "CUB"]
[EventCategory "10"]
[SourceTitle "CBM 036"]
[Source "ChessBase"]
[SourceDate "2004.01.01"]
[SourceVersion "1"]
[SourceVersionDate "2004.01.01"]
[SourceQuality "1"]

1. d4 d5 2. c4 e6 3. Nc3 c6 4. Nf3 Nf6 5. Qb3 dxc4 6. Qxc4 b5 7. Qd3 Be7 8. g3 Bb7 9. Bg2 Nbd7 10. Bg5 b4 11. Bxf6 gxf6 12. Na4 Qa5 13. b3 c5 14. O-O Rc8 15. Rac1 O-O 16. Ng5 fxg5 17. Bxb7 Rc7 18. Be4 Nf6 19. Nxc5 Bxc5 20. dxc5 Rxc5 21. Bb7 h6 22. Qd4 Rxc1 23. Rxc1 Kg7 24. Rc5 Qb6 25. Bf3 Rc8 26. Rc4 Rxc4 27. Qxc4 Qa5 28. Kg2 Qxa2 29. Qxb4 Qa1 30. h4 Qe5 31. hxg5 hxg5 32. Qc4 a5 33. b4 axb4 34. Qxb4 Qa1 1/2-1/2

[Event "Capablanca Memorial-A"]
[Site "Cuba"]
[Date "1993.??.??"]
[Round "5"]
[White "Gonzalez Zamora, Juan Carlos"]
[Black "Lesiege, Alexandre"]
[Result "0-1"]
[WhiteElo "2460"]
[BlackElo "2505"]
[WhiteFideId "-1"]
[WhiteFideId "-1"]
[PlyCount "86"]
[GameId "1166637678428160"]
[EventDate "1993.??.??"]
[EventType "tourn"]
[EventRounds "13"]
[EventCountry "CUB"]
[EventCategory "10"]
[SourceTitle "CBM 036"]
[Source "ChessBase"]
[SourceDate "2004.01.01"]
[SourceVersion "1"]
[SourceVersionDate "2004.01.01"]
[SourceQuality "1"]

1. d4 d5 2. c4 e6 3. Nf3 c6 4. Qc2 f5 5. Nc3 Nf6 6. Bg5 Be7 7. Bxf6 Bxf6 8. cxd5 cxd5 9. e3 Nc6 10. a3 Bd7 11. Bd3 Rc8 12. Rc1 O-O 13. O-O Na5 14. b4 Nc4 15. Qa2 b5 16. Ne2 a5 17. Bxc4 bxc4 18. Nc3 axb4 19. axb4 Ra8 20. Qb2 Qb6 21. Ra1 f4 22. Rxa8 Rxa8 23. exf4 Rb8 24. Na2 Ba4 25. g4 Bb3 26. Ra1 Rf8 27. Nc1 Bd1 28. Ra3 Bxf3 29. Rxf3 Bxd4 30. Qe2 Qd6 31. Kg2 Kh8 32. f5 e5 33. Rh3 Kg8 34. b5 Bb6 35. Na2 e4 36. Nc3 Qe5 37. Qe1 d4 38. Qe2 dxc3 39. Qxc4+ Kh8 40. Qxc3 Qxb5 41. Qa3 Re8 42. f6 gxf6 43. Qd6 Qb2 0-1

[Event "Capablanca Memorial-A"]
[Site "Cuba"]
[Date "1993.??.??"]
[Round "8"]
[White "Lesiege, Alexandre"]
[Black "Hernandez Guerrero, Gilberto Eduardo"]
[Result "0-1"]
[WhiteElo "2505"]
[BlackElo "2505"]
[WhiteFideId "-1"]
[WhiteFideId "-1"]
[PlyCount "84"]
[GameId "1166637678501888"]
[EventDate "1993.??.??"]
[EventType "tourn"]
[EventRounds "13"]
[EventCountry "CUB"]
[EventCategory "10"]
[SourceTitle "CBM 036"]
[Source "ChessBase"]
[SourceDate "2004.01.01"]
[SourceVersion "1"]
[SourceVersionDate "2004.01.01"]
[SourceQuality "1"]

1. d4 Nf6 2. c4 g6 3. Nc3 Bg7 4. e4 d6 5. Nf3 O-O 6. Be2 e5 7. O-O Nc6 8. d5 Ne7 9. Ne1 Nd7 10. f3 f5 11. g4 Kh8 12. Be3 a5 13. a3 Ng8 14. Ng2 Bh6 15. Bf2 b6 16. b4 axb4 17. axb4 Rxa1 18. Qxa1 Bd2 19. Be1 Bxe1 20. Qxe1 Qe7 21. h4 Ndf6 22. Qd1 Bd7 23. exf5 gxf5 24. g5 Nh5 25. f4 Nxf4 26. Nxf4 exf4 27. Qd4+ Qe5 28. Rxf4 Ne7 29. Bh5 Ra8 30. Ne2 Ra4 31. Qd2 b5 32. Rf3 Ra1+ 33. Kg2 bxc4 34. g6 f4 35. Nxf4 Nf5 36. Qf2 Rb1 37. gxh7 Kxh7 38. Bg6+ Kh6 39. Bxf5 Bxf5 40. Qe3 Rb2+ 41. Kg1 Rb3 42. Qf2 Rb1+ 0-1

[Event "Capablanca Memorial-A"]
[Site "Cuba"]
[Date "1993.??.??"]
[Round "9"]
[White "Vilela de Acuna, Jose Luis"]
[Black "Lesiege, Alexandre"]
[Result "1/2-1/2"]
[WhiteElo "2430"]
[BlackElo "2505"]
[WhiteFideId "-1"]
[WhiteFideId "-1"]
[PlyCount "146"]
[GameId "1166637678534656"]
[EventDate "1993.??.??"]
[EventType "tourn"]
[EventRounds "13"]
[EventCountry "CUB"]
[EventCategory "10"]
[SourceTitle "CBM 036"]
[Source "ChessBase"]
[SourceDate "2004.01.01"]
[SourceVersion "1"]
[SourceVersionDate "2004.01.01"]
[SourceQuality "1"]

1. Nf3 c5 2. c4 Nc6 3. d4 cxd4 4. Nxd4 Nf6 5. Nc3 e6 6. a3 d5 7. cxd5 exd5 8. Bg5 Be7 9. e3 Qb6 10. Bb5 Be6 11. Na4 Qc7 12. Rc1 Bd7 13. O-O Rc8 14. b4 O-O 15. Bf4 Qd8 16. Nxc6 Bxc6 17. Bxc6 bxc6 18. Nc5 Bxc5 19. Rxc5 Ne4 20. Rc2 a5 21. Qd4 axb4 22. axb4 Nd6 23. Bxd6 Qxd6 24. Rfc1 Rb8 25. Rxc6 Qxb4 26. Qxd5 Rbd8 27. Qf3 Qb3 28. h4 h6 29. h5 Rd5 30. Rb6 Qxb6 31. Qxd5 Rd8 32. Qe5 Qb7 33. g3 Qd7 34. Ra1 Qd5 35. Qc7 Re8 36. Qa5 Qe4 37. Rd1 Kh7 38. Qd5 Qc2 39. Rd4 Re7 40. e4 Qc8 41. Kg2 Qg4 42. f3 Qc8 43. g4 Qa6 44. Rd2 Qf6 45. Qf5+ Qxf5 46. gxf5 Re8 47. Kf2 Kg8 48. Ke3 Kf8 49. f4 Ke7 50. e5 Ra8 51. Rc2 Ra3+ 52. Ke4 Ra4+ 53. Kf3 Ra3+ 54. Kg4 f6 55. Rc7+ Kf8 56. Rc8+ Ke7 57. Rc7+ Kf8 58. e6 Ra1 59. Rf7+ Kg8 60. Rb7 Kf8 61. Rf7+ Ke8 62. Kf3 Rg1 63. Ra7 Rf1+ 64. Ke3 Rg1 65. Rb7 Rg3+ 66. Kf2 Rg4 67. Kf3 Rg1 68. Rb2 Kf8 69. Rc2 Rf1+ 70. Ke4 Rg1 71. Kd5 Ke7 72. Rc7+ Ke8 73. Rc8+ Ke7 1/2-1/2

[Event "Capablanca Memorial-A"]
[Site "Cuba"]
[Date "1993.??.??"]
[Round "11"]
[White "Howell, James C"]
[Black "Lesiege, Alexandre"]
[Result "1-0"]
[WhiteElo "2470"]
[BlackElo "2505"]
[WhiteFideId "-1"]
[WhiteFideId "-1"]
[PlyCount "77"]
[GameId "1166637678571520"]
[EventDate "1993.??.??"]
[EventType "tourn"]
[EventRounds "13"]
[EventCountry "CUB"]
[EventCategory "10"]
[SourceTitle "CBM 036"]
[Source "ChessBase"]
[SourceDate "2004.01.01"]
[SourceVersion "1"]
[SourceVersionDate "2004.01.01"]
[SourceQuality "1"]

1. e4 c5 2. Nf3 e6 3. d4 cxd4 4. Nxd4 Nf6 5. Nc3 d6 6. g4 h6 7. h4 Nc6 8. Rg1 h5 9. gxh5 Rxh5 10. Bg5 Rh7 11. Qd2 a6 12. O-O-O Bd7 13. f4 Qc7 14. Nf3 O-O-O 15. Qe3 Be7 16. e5 dxe5 17. fxe5 Ng8 18. Bxe7 Ngxe7 19. Ng5 Rxh4 20. Nxf7 Rg8 21. Qg5 Rh7 22. Ne4 Kb8 23. Kb1 Be8 24. Nfd6 Rh5 25. Qf4 Bg6 26. Rxg6 Nxg6 27. Qg4 Rh6 28. Nc5 Ngxe5 29. Qe2 Qb6 30. Ndxb7 Ka7 31. b3 Rb8 32. Nd6 Rd8 33. Na4 Qa5 34. Qe3+ Kb8 35. Be2 Kc7 36. Nc5 Rxd6 37. Rxd6 Rh1+ 38. Kb2 Qe1 39. Rd1 1-0

[Event "Capablanca Memorial-A"]
[Site "Cuba"]
[Date "1993.??.??"]
[Round "13"]
[White "Lesiege, Alexandre"]
[Black "Nogueiras, Jesus"]
[Result "1-0"]
[WhiteElo "2505"]
[BlackElo "2570"]
[WhiteFideId "-1"]
[WhiteFideId "-1"]
[PlyCount "79"]
[GameId "1166637678616576"]
[EventDate "1993.??.??"]
[EventType "tourn"]
[EventRounds "13"]
[EventCountry "CUB"]
[EventCategory "10"]
[SourceTitle "CBM 036"]
[Source "ChessBase"]
[SourceDate "2004.01.01"]
[SourceVersion "1"]
[SourceVersionDate "2004.01.01"]
[SourceQuality "1"]

1. d4 e6 2. c4 Nf6 3. Nc3 Bb4 4. e3 b6 5. Nge2 Bb7 6. a3 Be7 7. d5 O-O 8. g3 Ne8 9. Bg2 Nd6 10. b3 c6 11. e4 cxd5 12. exd5 e5 13. g4 Na6 14. Ng3 Nc5 15. O-O a5 16. f4 f6 17. a4 exf4 18. Bxf4 Re8 19. Qc2 Ba6 20. Rae1 Bf8 21. Nce4 Ndxe4 22. Nxe4 d6 23. Nxc5 Rxe1 24. Rxe1 bxc5 25. Be4 g6 26. Bxg6 hxg6 27. Qxg6+ Bg7 28. Re6 Qd7 29. Bxd6 Qf7 30. Qxf7+ Kxf7 31. Bxc5 Rc8 32. Rxa6 Rxc5 33. Ra7+ Kg6 34. d6 Rc6 35. d7 Rd6 36. c5 Rd1+ 37. Kg2 Bh6 38. c6 Bf4 39. c7 Rxd7 40. c8=Q 1-0

[Event "Capablanca mem-A"]
[Site "CUB"]
[Date "1993.??.??"]
[Round "1"]
[White "Hebden, Mark"]
[Black "Lesiege, Alexandre"]
[Result "1-0"]
[WhiteElo "2520"]
[BlackElo "2505"]
[WhiteFideId "-1"]
[WhiteFideId "-1"]
[PlyCount "74"]
[GameId "2129405193367142"]
[EventDate "1993.??.??"]
[EventType "tourn"]
[EventRounds "13"]
[EventCountry "CUB"]
[EventCategory "10"]
[SourceTitle "CBM 36"]

1. d4 d5 2. c4 e6 3. Nf3 c6 4. Nbd2 Nf6 5. e3 Nbd7 6. b3 Bd6 7. Bb2 O-O 8. Bd3 b6 9. O-O Bb7 10. Ne5 c5 11. Nxd7 Nxd7 12. cxd5 exd5 13. dxc5 bxc5 14. Rc1 Re8 15. Nf3 Nf6 16. Rc2 Ne4 17. g3 Re6 18. Re1 a5 19. Bf1 a4 20. Bg2 axb3 21. axb3 Qb6 22. Nd2 Bf8 23. Nxe4 dxe4 24. Rc4 Rd8 25. Qc2 Rde8 26. Rd1 Qc6 27. Ba3 Ba6 28. Rc3 Re5 29. Rc1 Rc8 30. Bf1 Bxf1 31. Rxf1 Rh5 32. Rc4 Re8 33. Rc1 Qh6 34. h4 Qg6 35. Bxc5 Rxh4 36. Bxf8 Rh3 37. Be7 Qh5 1-0

[Event "Capablanca mem-A"]
[Site "CUB"]
[Date "1993.??.??"]
[Round "6"]
[White "Lesiege, Alexandre"]
[Black "Zapata, Alonso"]
[Result "0-1"]
[WhiteElo "2505"]
[BlackElo "2580"]
[WhiteFideId "-1"]
[WhiteFideId "-1"]
[PlyCount "80"]
[GameId "2129405193367176"]
[EventDate "1993.??.??"]
[EventType "tourn"]
[EventRounds "13"]
[EventCountry "CUB"]
[EventCategory "10"]
[SourceTitle "CBM 36"]

1. d4 Nf6 2. c4 d6 3. Nc3 Nbd7 4. Nf3 c6 5. e4 e5 6. Be2 g6 7. O-O Bg7 8. Be3 O-O 9. Qc2 Ng4 10. Bg5 f6 11. Bd2 Qe7 12. d5 c5 13. Nb5 Nb8 14. b4 Na6 15. Ne1 cxb4 16. Nd3 Bd7 17. Nxb4 Nc5 18. f3 Nh6 19. Nd3 Nxd3 20. Qxd3 Nf7 21. a4 Rfc8 22. Be3 Bxb5 23. axb5 b6 24. Ra3 Rab8 25. Rfa1 Rc7 26. Bf1 Bh6 27. Bf2 Qd7 28. g3 Rbb7 29. h4 g5 30. Kh2 gxh4 31. gxh4 Bf4+ 32. Bg3 Qe7 33. R3a2 f5 34. Kh3 Qf6 35. Rg2 Kf8 36. Be2 Nh6 37. Rag1 Rg7 38. Be1 Rxg2 39. Rxg2 Qf7 40. exf5 Qd7 0-1

[Event "Capablanca mem-A"]
[Site "CUB"]
[Date "1993.??.??"]
[Round "7"]
[White "Henao, Raul Fernando"]
[Black "Lesiege, Alexandre"]
[Result "1-0"]
[WhiteElo "2405"]
[BlackElo "2505"]
[WhiteFideId "-1"]
[WhiteFideId "-1"]
[PlyCount "65"]
[GameId "2129405193367183"]
[EventDate "1993.??.??"]
[EventType "tourn"]
[EventRounds "13"]
[EventCountry "CUB"]
[EventCategory "10"]
[SourceTitle "CBM 36"]

1. e4 c5 2. Nf3 e6 3. d4 cxd4 4. Nxd4 Nf6 5. Nc3 d6 6. Be3 a6 7. f3 Nc6 8. g4 Be7 9. Qd2 O-O 10. O-O-O Nd7 11. f4 Nxd4 12. Bxd4 b5 13. g5 b4 14. Ne2 Qa5 15. Kb1 e5 16. Be3 exf4 17. Bxf4 Ne5 18. Nd4 g6 19. h4 Bb7 20. h5 f6 21. hxg6 Bxe4 22. Rxh7 Nxg6 23. Rxe7 Nxe7 24. Bxd6 Bd5 25. Nb3 Bxb3 26. axb3 Rad8 27. Bc4+ Kg7 28. Qh2 fxg5 29. Be5+ Kg6 30. Rh1 Kf5 31. Bc7 Qc5 32. Qh7+ Ng6 33. Bxd8 1-0

[Event "Capablanca mem-A"]
[Site "CUB"]
[Date "1993.??.??"]
[Round "10"]
[White "Lesiege, Alexandre"]
[Black "Spangenberg, Hugo"]
[Result "1-0"]
[WhiteElo "2505"]
[BlackElo "2505"]
[WhiteFideId "-1"]
[WhiteFideId "-1"]
[PlyCount "71"]
[GameId "2129405193367204"]
[EventDate "1993.??.??"]
[EventType "tourn"]
[EventRounds "13"]
[EventCountry "CUB"]
[EventCategory "10"]
[SourceTitle "CBM 36"]

1. e4 c5 2. Nf3 Nc6 3. d4 cxd4 4. Nxd4 g6 5. c4 Nf6 6. Nc3 d6 7. Be2 Nxd4 8. Qxd4 Bg7 9. Be3 O-O 10. Qd2 Be6 11. f3 Qa5 12. Rc1 Rfc8 13. b3 a6 14. Na4 Qxd2+ 15. Kxd2 Nd7 16. Nc3 Kf8 17. Nd5 Bxd5 18. exd5 Rcb8 19. a4 a5 20. f4 Bb2 21. Rcd1 Ba3 22. Kc2 Bc5 23. Bc1 Nf6 24. Bf3 e5 25. dxe6 fxe6 26. g4 Kf7 27. Rhe1 Ra6 28. g5 Nh5 29. Bxh5 gxh5 30. Rd3 Re8 31. Rh3 Kg6 32. f5+ Kxf5 33. Rxh5 Re7 34. Rh6 e5 35. h3 d5 36. Rf1+ 1-0

[Event "Capablanca mem-A"]
[Site "CUB"]
[Date "1993.??.??"]
[Round "12"]
[White "Magem Badals, Jorge"]
[Black "Lesiege, Alexandre"]
[Result "1-0"]
[WhiteElo "2510"]
[BlackElo "2505"]
[WhiteFideId "-1"]
[WhiteFideId "-1"]
[PlyCount "79"]
[GameId "2129405193367219"]
[EventDate "1993.??.??"]
[EventType "tourn"]
[EventRounds "13"]
[EventCountry "CUB"]
[EventCategory "10"]
[SourceTitle "CBM 36"]

1. e4 c5 2. Nf3 e6 3. d4 cxd4 4. Nxd4 Nf6 5. Nc3 d6 6. Be3 a6 7. f3 Nc6 8. Qd2 Be7 9. O-O-O d5 10. Qe1 e5 11. Nxc6 bxc6 12. exd5 cxd5 13. Bg5 Be6 14. Bc4 Qc7 15. Bxf6 gxf6 16. Bxd5 Rb8 17. Bb3 O-O 18. Nd5 Bxd5 19. Rxd5 Kh8 20. Qa5 Qc6 21. Rhd1 Rg8 22. g3 Bb4 23. Qa4 Qb6 24. Kb1 Qf2 25. a3 Bf8 26. Rd8 Bg7 27. Rxg8+ Rxg8 28. Qe4 Qxh2 29. g4 Rb8 30. Ka2 a5 31. Rd5 f5 32. gxf5 h5 33. Rxa5 h4 34. f6 Bxf6 35. Qf5 Kg7 36. Ra6 Qf4 37. Rxf6 Qxf5 38. Rxf5 h3 39. Rg5+ Kh6 40. Rg3 1-0

[Event "Montreal m"]
[Site "Montreal CAN"]
[Date "1993.??.??"]
[Round "3"]
[White "Wolff, Patrick"]
[Black "Lesiege, Alexandre"]
[Result "1/2-1/2"]
[WhiteElo "2585"]
[BlackElo "2485"]
[WhiteFideId "-1"]
[WhiteFideId "-1"]
[PlyCount "87"]
[GameId "2160767912329164"]
[EventDate "1993.??.??"]
[EventType "match"]
[EventRounds "4"]
[EventCountry "CAN"]
[SourceTitle "EXT 1997"]
[Source "ChessBase"]
[SourceDate "1996.11.15"]
[SourceVersion "1"]
[SourceVersionDate "1996.11.15"]
[SourceQuality "1"]

1. e4 c5 2. Nf3 e6 3. d4 cxd4 4. Nxd4 Nf6 5. Nc3 d6 6. g4 h6 7. h4 Nc6 8. Rg1 h5 9. gxh5 Rxh5 10. Bg5 Rh8 11. h5 Be7 12. Be2 e5 13. Bxf6 Bxf6 14. Ndb5 Nd4 15. Nd5 Nxb5 16. Bxb5+ Kf8 17. Bc4 Be6 18. c3 Bg5 19. Qf3 Rh6 20. Qg3 f6 21. Rh1 Rc8 22. Bb3 Qe8 23. Nb4 Bxb3 24. axb3 Rxh5 25. Ke2 Bh6 26. Qd3 Rd8 27. Nd5 Qf7 28. b4 a6 29. Rhg1 f5 30. Rh1 fxe4 31. Qxe4 Qf5 32. Kd3 Rd7 33. Rxh5 Qxh5 34. b5 axb5 35. Ra8+ Kf7 36. Kc2 g6 37. Kb3 Kg7 38. Rg8+ Kf7 39. Ra8 Qd1+ 40. Ka2 Kg7 41. Rg8+ Kxg8 42. Qxg6+ Kf8 43. Qf6+ Kg8 44. Qg6+ 1/2-1/2

[Event "Montreal m"]
[Site "Montreal CAN"]
[Date "1993.??.??"]
[Round "4"]
[White "Lesiege, Alexandre"]
[Black "Wolff, Patrick"]
[Result "0-1"]
[WhiteElo "2485"]
[BlackElo "2585"]
[WhiteFideId "-1"]
[WhiteFideId "-1"]
[PlyCount "75"]
[GameId "2160767912329165"]
[EventDate "1993.??.??"]
[EventType "match"]
[EventRounds "4"]
[EventCountry "CAN"]
[SourceTitle "EXT 1997"]
[Source "ChessBase"]
[SourceDate "1996.11.15"]
[SourceVersion "1"]
[SourceVersionDate "1996.11.15"]
[SourceQuality "1"]

1. d4 d5 2. c4 dxc4 3. Nf3 Nf6 4. e3 e6 5. Bxc4 c5 6. O-O a6 7. a4 Nc6 8. Qe2 Qc7 9. Nc3 Be7 10. h3 O-O 11. Rd1 Rd8 12. d5 exd5 13. Bxd5 Nb4 14. e4 Nfxd5 15. exd5 Bf5 16. Bf4 Bd6 17. Bxd6 Qxd6 18. a5 Re8 19. Qc4 Rac8 20. Rd2 h6 21. Rc1 b5 22. axb6 Qxb6 23. Qf4 Nd3 24. Qxf5 Nxc1 25. d6 Rcd8 26. Ne5 Nb3 27. Qxf7+ Kh8 28. Ng6+ Kh7 29. Rd5 Nd4 30. Ne7 Qxb2 31. Rh5 Qc1+ 32. Kh2 Rxd6 33. Ne4 Rxe7 34. Qxe7 Rg6 35. Ng3 Qf4 36. Qe1 a5 37. Rxc5 a4 38. Ra5 0-1